Shairi / (Record no. 525035)
[ view plain ]
| 000 -LEADER | |
|---|---|
| fixed length control field | 00519nam a22001817a 4500 |
| 003 - CONTROL NUMBER IDENTIFIER | |
| control field | NUST |
| 038 ## - RECORD CONTENT LICENSOR | |
| Staff Name | Faiza |
| 082 ## - DEWEY DECIMAL CLASSIFICATION NUMBER | |
| Classification number | 891.421 |
| Author Mark | BUK |
| 100 ## - MAIN ENTRY--PERSONAL NAME | |
| Personal name | Bukhari, Tanveer |
| 9 (RLIN) | 14871 |
| 245 ## - TITLE STATEMENT | |
| Title | Shairi / |
| Statement of responsibility, etc. | Tanveer Bukhari |
| 260 ## - PUBLICATION, DISTRIBUTION, ETC. | |
| Place of publication, distribution, etc. | Shekhupura : |
| Name of publisher, distributor, etc. | Punjabi Culture Center, |
| Date of publication, distribution, etc. | 1985. |
| 300 ## - PHYSICAL DESCRIPTION | |
| Extent | 48 p. ; |
| 500 ## - GENERAL NOTE | |
| General note | papercover. |
| 880 ## - ALTERNATE GRAPHIC REPRESENTATION | |
| Linkage | 100-01\r |
| Title | تنویر بخاری |
| 880 ## - ALTERNATE GRAPHIC REPRESENTATION | |
| Linkage | 245-02\r |
| Title | شاعری / |
| 880 ## - ALTERNATE GRAPHIC REPRESENTATION | |
| Linkage | 260-03\r |
| Title | شیخوپورہ : |
| b | پنجابی کلچرسنٹر, |
| c | ۱۹۸۵. |
| 942 ## - ADDED ENTRY ELEMENTS (KOHA) | |
| Source of classification or shelving scheme | |
| Koha item type | Book |
| Withdrawn status | Lost status | Source of classification or shelving scheme | Damaged status | Not for loan | Permanent Location | Current Location | Date acquired | Total Checkouts | Full call number | Barcode | Date last seen | Price effective from | Koha item type |
|---|---|---|---|---|---|---|---|---|---|---|---|---|---|
| Central Library (CL) | Central Library (CL) | 06/28/2019 | 891.421 BUK | CL-E-1119 | 06/28/2019 | 06/28/2019 | Book |
